<?xml version="1.0" encoding="UTF-8"?>
<record
    xmlns:xsi="http://www.w3.org/2001/XMLSchema-instance"
    xsi:schemaLocation="http://www.loc.gov/MARC21/slim http://www.loc.gov/standards/marcxml/schema/MARC21slim.xsd"
    xmlns="http://www.loc.gov/MARC21/slim">

  <leader>00428    a2200121   4500</leader>
  <controlfield tag="001">ART_9501</controlfield>
  <controlfield tag="005">20260410161847.0</controlfield>
  <controlfield tag="008">260409a                                 </controlfield>
  <datafield tag="245" ind1="1" ind2="0">
    <subfield code="a">La controversia monetarista o &#xBF;deber&#xED;amos desechar las pol&#xED;ticas de estabilizaci&#xF3;n?</subfield>
  </datafield>
  <datafield tag="100" ind1="1" ind2=" ">
    <subfield code="a">Modigliani, Franco</subfield>
  </datafield>
  <datafield tag="700" ind1="1" ind2=" ">
    <subfield code="a">Ch&#xE1;vez de la Lama, Ignacio</subfield>
  </datafield>
  <datafield tag="773" ind1="0" ind2=" ">
    <subfield code="t">El trimestre econ&#xF3;mico</subfield>
    <subfield code="g">- Vol. LII, N&#xBA; 206 (abr./jun. 1985)</subfield>
    <subfield code="w">REV6933</subfield>
  </datafield>
  <datafield tag="999" ind1=" " ind2=" ">
    <subfield code="c">24608</subfield>
    <subfield code="d">24608</subfield>
  </datafield>
</record>
